000 00826nam a2200265Ia 4500
003 OSt
005 20220930072715.0
006 a|||||r|||| 00| 0
007 ta
008 220926b |||||||| |||| 00| 0 eng d
024 _a24826
037 _cTheses
040 _aCRL
_cCRL
_beng
041 _2eng
_aeng
100 _aSahai Vineet
_9530314
110 _aUniversity of Delhi. Faculty of Medical Sciences. Department of Physiology
245 0 _aPost task ERP correlates of intelligence in non-patient subjects
260 _c1998
300 _a96p.
_ap.
_ccm.
650 _aPHYSIOLOGY
700 _a Dr O P Tandon Supervisor
_9530138
700 _aUniversity of Delhi. Faculty of Medical Sciences. Department of Physiology
942 _cDIS
_2CC
999 _c864228
_d864228